000 00543nam a2200205Ii 4500
003 JO-AjNU
008 230606s9999||||xx |||||||||||||| ||und||
020 _a1-59059-248-4
040 _aJO-AjNU
_beng
_erda
_cJO-AjNU
041 _aeng
050 1 4 _aQA76.73.P74.2003
100 3 _aArgerich,Luis,
_eauthor
_9801
245 0 0 _aprofessional php 4
264 3 1 _aAPRESS,2003
300 _a970p
336 _atext
_btxt
_2rdacontent
337 _aunmediated
_bn
_2rdamedia
338 _avolume
_bnc
_2rdacarrier
650 4 _aprofessional php 4
_9802
999 _aE422
_c422
_d422